Filmographie de Jacques Villeret - Statistiques

Statistiques générales
  • Ce quiz a été pris 19 fois
  • Le résultat moyen est 5 sur 65
Statistiques - réponses
Années 1970 % Correct
Le Dîner de cons
89%
La Soupe aux choux
83%
Les Enfants du marais
44%
Papy fait de la résistance
44%
Un crime au Paradis
33%
Effroyables Jardins
22%
Iznogoud
22%
Les Frères Pétard
22%
Les Acteurs
17%
L'Été en pente douce
17%
Malabar Princess
17%
L'Antidote
11%
Mookie
11%
Garçon !
6%
Le Furet
6%
Les Parrains
6%
Les Uns et les Autres
6%
Vipère au poing
6%
588, rue Paradis
0%
À nous deux
0%
Bête, mais discipliné
0%
Black Mic-Mac
0%
Circulez y'a rien à voir
0%
Confidences pour confidences
0%
Danton
0%
Dernier Été à Tanger
0%
Drôle de samedi
0%
Dupont Lajoie
0%
Édith et Marcel
0%
Effraction
0%
Golden Boy
0%
Hold-up
0%
La Galette du roi
0%
La Gueule ouverte
0%
La Montre, La Croix et la Manière
0%
La Petite Amie
0%
Le Bal des casse-pieds
0%
Le Bon et les Méchants
0%
Le Fils du Mékong
0%
Le Grand Frère
0%
Les Âmes grises
0%
Les Folles Années du twist
0%
Les Morfalous
0%
Les Naufragés de l'île de la Tortue
0%
Les Secrets professionnels du docteur Apfelglück
0%
Mais ou et donc Ornicar
0%
Malevil
0%
Mangeclous
0%
Molière ou la Vie d'un honnête homme
0%
Mon premier amour
0%
Parano
0%
Passe montagne
0%
Prénom Carmen
0%
RAS
0%
Rien ne va plus
0%
Robert et Robert
0%
Sérieux comme le plaisir
0%
Si c'était à refaire
0%
Soigne ta droite
0%
Toute une vie
0%
Trois Années
0%
Un aller simple
0%
Un amour de pluie
0%
Un autre homme, une autre chance
0%
Un balcon en forêt
0%
Aucun quiz correspondant
Distribution des résultats
% des personnes avec chaque résultat
Percentile par nombre de réponses
Votre historique - résultats
Vous n’avez pas pris ce quiz